| 000 | 00571cam a22002291a 4500 | ||
|---|---|---|---|
| 001 | sa 68002575 | ||
| 003 | DLC | ||
| 005 | 20260227112444.0 | ||
| 008 | 930429s1966 ce 000 1 sinr | ||
| 010 | _asa 68002575 | ||
| 025 | _aPL480:C-102 | ||
| 035 | _a(OCoLC)28004711 | ||
| 040 |
_aDLC _cWaU _dWaU _dDLC |
||
| 042 | _apremarc | ||
| 050 | 0 | 0 |
_aPK2859.S2 _bM3 1966 |
| 100 | 1 | _aSarachchandra, Ediriweera R. | |
| 245 | 1 | 0 | _aMaḷavungē avurudu dā. |
| 260 |
_aKoḷamba, _c[1966] |
||
| 300 |
_a111 p. ; _c22 cm. |
||
| 500 | _aIn Sinhalese. | ||
| 500 | _aA novel. | ||
| 999 |
_c78836 _d78836 |
||